PRINCESS at Heart / (Record no. 184839)
[ view plain ]
| 000 -LEADER | |
|---|---|
| fixed length control field | 00775nam a22002531i 4500 |
| 005 - DATE AND TIME OF LATEST TRANSACTION | |
| control field | 20210907101452.0 |
| 008 - FIXED-LENGTH DATA ELEMENTS--GENERAL INFORMATION | |
| fixed length control field | 210907s2021 -uk |||g ||| 000 1 eng d |
| 020 ## - INTERNATIONAL STANDARD BOOK NUMBER | |
| International Standard Book Number | 9780241458365 |
| Terms of availability | RM 69.95 |
| Qualifying information | paperback |
| 040 ## - CATALOGING SOURCE | |
| Original cataloging agency | PPAK |
| Language of cataloging | eng |
| Transcribing agency | PPAK |
| Description conventions | rda |
| 082 04 - DEWEY DECIMAL CLASSIFICATION NUMBER | |
| Edition number | 23 |
| Classification number | 823.92 |
| 090 00 - LOCALLY ASSIGNED LC-TYPE CALL NUMBER (OCLC); LOCAL CALL NUMBER (RLIN) | |
| Classification number (OCLC) (R) ; Classification number, CALL (RLIN) (NR) | 823.92 |
| Feature heading | GLY |
| Feature heading | G |
| 100 1# - MAIN ENTRY--PERSONAL NAME | |
| Personal name | Glynn, Connie |
| Relator term | author. |
| 245 10 - TITLE STATEMENT | |
| Title | PRINCESS at Heart / |
| Statement of responsibility, etc. | CONNIE GLYNN |
| 264 #1 - PRODUCTION, PUBLICATION, DISTRIBUTION, MANUFACTURE, AND COPYRIGHT NOTICE | |
| Place of production, publication, distribution, manufacture | London : |
| Name of producer, publisher, distributor, manufacturer | Penguin Books, |
| Date of production, publication, distribution, manufacture, or copyright notice | 2021 |
| 300 ## - PHYSICAL DESCRIPTION | |
| Extent | 320 pages ; |
| Dimensions | 22 cm. |
| 336 ## - CONTENT TYPE | |
| Source | rdacontent |
| Content type term | text |
| 337 ## - MEDIA TYPE | |
| Source | rdamedia |
| Media type term | unmediated |
| 338 ## - CARRIER TYPE | |
| Source | rdacarrier |
| Carrier type term | volume |
| 490 1# - SERIES STATEMENT | |
| Series statement | The Rosewood chronicles ; |
| Volume/sequential designation | 4 |
| 650 10 - SUBJECT ADDED ENTRY--TOPICAL TERM | |
| Topical term or geographic name entry element | Princesses |
| Form subdivision | Juvenile fiction. |
| Topical term or geographic name entry element | Friendship |
| Form subdivision | Juvenile fiction. |
| 830 #0 - SERIES ADDED ENTRY--UNIFORM TITLE | |
| Uniform title | The Rosewood chronicles ; |
| Number of part/section of a work | 4 |
| 942 ## - ADDED ENTRY ELEMENTS (KOHA) | |
| Source of classification or shelving scheme | Dewey Decimal Classification |
| Koha item type | Book |
| Withdrawn | Not for loan | Current library | Shelving location | Date acquired | Total Checkouts | Total Renewals | Full call number | Barcode | Date last seen | Date last checked out | Koha item type | Checked out |
|---|---|---|---|---|---|---|---|---|---|---|---|---|
| Perpustakaan Alor Setar | Pinjaman Dewasa | 08/09/2021 | 4 | 2 | 823.92 GLY | A01707548 | 15/03/2026 | 31/01/2026 | Book | |||
| Perpustakaan Alor Setar | Pinjaman Dewasa | 12/12/2021 | 4 | 1 | 823.92 GLY | A01716491 | 31/07/2024 | 11/07/2024 | Book | |||
| Perpustakaan Awam Sungai Petani | Pinjaman Dewasa | 08/09/2021 | 3 | 823.92 GLY | A01707549 | 18/02/2024 | 29/01/2024 | Book | ||||
| Perpustakaan Baling | Pinjaman Dewasa | 08/09/2021 | 4 | 1 | 823.92 GLY | A01707553 | 30/05/2023 | 30/05/2023 | Book | 20/06/2023 | ||
| Perpustakaan Bandar Baharu | Pinjaman Dewasa | 08/09/2021 | 823.92 GLY | A01707554 | 08/09/2021 | Book | ||||||
| Perpustakaan Jitra | Pinjaman Dewasa | 08/09/2021 | 1 | 823.92 GLY | A01707550 | 07/01/2023 | 12/11/2022 | Book | ||||
| Perpustakaan Kuala Nerang | Pinjaman Dewasa | 08/09/2021 | 2 | 823.92 GLY | A01707558 | 24/09/2023 | 30/08/2023 | Book | ||||
| Perpustakaan Kulim | Pinjaman Dewasa | 08/09/2021 | 4 | 823.92 GLY | A01707552 | 15/04/2025 | 02/04/2025 | Book | ||||
| Perpustakaan Langkawi | Pinjaman Dewasa | 08/09/2021 | 3 | 2 | 823.92 GLY | A01707551 | 22/07/2024 | 26/06/2024 | Book | |||
| Perpustakaan Merbok | Pinjaman Dewasa | 08/09/2021 | 2 | 823.92 GLY | A01707555 | 01/09/2024 | 28/07/2024 | Book | ||||
| Perpustakaan Pendang | Pinjaman Dewasa | 08/09/2021 | 1 | 823.92 GLY | A01707559 | 19/01/2025 | 19/01/2025 | Book | 09/02/2025 | |||
| Perpustakaan Sik | Pinjaman Dewasa | 08/09/2021 | 8 | 823.92 GLY | A01707557 | 09/03/2023 | 27/02/2023 | Book | ||||
| Perpustakaan Yan | Pinjaman Dewasa | 08/09/2021 | 1 | 823.92 GLY | A01707556 | 01/12/2024 | 25/11/2024 | Book | ||||
| T-PD26, Kg. Lubuk Batu, Jitra | Pinjaman Dewasa | 08/09/2021 | 823.92 GLY | A01707560 | 08/09/2021 | Book |